| 000 | 00876nac a22003010a 4500 | ||
|---|---|---|---|
| 001 | PT59636 | ||
| 003 | AR-LpoUNG | ||
| 005 | 20260115124422.0 | ||
| 008 | 201001s2018||||ag |||||||||||||||||spa d | ||
| 020 |
_a9789876303293 _c$8.02 |
||
| 040 |
_aAR-LpoUNG _bspa _eaacr |
||
| 041 | _aspa | ||
| 044 | _aag | ||
| 082 | 0 | _a428 198v1 | |
| 100 | 1 | _aMagno, Cristina | |
| 245 | 1 | 0 |
_aInglés lectocompresión I : _bmaterial de clase |
| 250 | _a1ra. ed. | ||
| 260 |
_aBuenos Aires : _bUniversidad Nacional de General Sarmiento, _c2018. |
||
| 300 |
_a183 p. : _bil., gráfs., tbls. |
||
| 490 | 0 | _aInglés lectocompresión | |
| 650 | 4 | _aENSEÑANZA DE IDIOMAS | |
| 650 | 4 | _aLABORATORIOS DE IDIOMAS | |
| 650 | 4 | _aLENGUA INGLESA | |
| 650 | 4 | _aLINGÜISTICA | |
| 856 | 4 | 0 |
_uhttps://repositorio.ungs.edu.ar/handle/UNGS/798 _yTexto completo |
| 905 | _a59636 | ||
| 942 |
_cLIB _2ddc |
||
| 999 |
_c50372 _d50372 |
||